The great book of vegetables

Bibliographic Details
Main Author: Palazzi, Antonella
Format: Book
Published: London : Simon & Schuster , 1991
Subjects:

MARC

LEADER 00000cam a2200000 7i4500
001 0000004354
002 000004678
005 20000330.0
020 |a 0671711628 
090 0 0 |a 641.65   |b PAL 
100 1 |a Palazzi, Antonella 
245 1 4 |a The great book of vegetables   |c Antonella Palazzi 
260 |a London :   |b Simon & Schuster ,   |c 1991 
300 |a 320p. ;   |c 29cm. 
650 0 0 |a Cookery (Vegetables) 
999 |a 037396   |b BUKU   |c PINJAMAN   |e PERPUSTAKAAN KOMUNITI PETALING JAYA